000
00485nam a2200181Ia 4500
008
100917s9999 xx 000 0 und d
082
_b
43136
100
_a
पाटील देवदत्त
245
_a
व्याध
260
_b
दुर्गा बुक स्टॉल
_c
1980
300
_a
364
365
_b
35
520
_a
कादंबरी
630
_a
व्याध
650
_a
कादंबरी
730
_a
व्याध
942
_c
BOOK
999
_c
648530
_d
648527